Statistics for Cities Visited in Carmen Sandiego

Click here to take the quiz!

General Stats

  • This quiz has been taken 186 times
  • The average score is 17 of 30

Answer Stats

PopulationCity% Correct
14,040,163London
90%
23,876,155New York
90%
12,532,901Paris
90%
12,280,702Rio de Janeiro
83%
38,140,000Tokyo
83%
20,900,000Mexico City
82%
4,355,725Rome
82%
5,230,330Sydney
82%
12,506,468Moscow
81%
20,439,541Cairo
79%
15,594,428Buenos Aires
75%
24,000,000Peking/Beijing
75%
26,454,000New Delhi
71%
10,072,000Lima
68%
3,090,508Athens
62%
15,067,724Istanbul
60%
14,626,225Bangkok
55%
3,303,786Budapest
53%
5,638,700Singapore
48%
1,588,457Oslo
47%
4,098,927Montreal
39%
13,500,000Baghdad
38%
364,145Port Moresby
36%
33,344San Marino
33%
128,793Reykjavik
27%
975,453Kathmandu
18%
5,648,000Colombo
16%
1,132,686Kigali
15%
2,757,234Bamako
14%
54,000Moroni
13%

Score Distribution

Percentile by Number Answered

Percent of People with Each Score

Your Score History

You have not taken this quiz